| 000 | 00954cab a2200277 4500 | ||
|---|---|---|---|
| 001 | WB3114-03 | ||
| 008 | 090401t1995 xxu||||| |||| 00| 0 eng d | ||
| 035 | _a(Sirsi) u46045 | ||
| 041 | _aeng | ||
| 245 | _aNatural ventilation | ||
| 260 | _c1995 | ||
| 350 | _a0 | ||
| 490 |
_aGuardian _v1 April 1995, 2(2) |
||
| 520 | _aHighlights the trend in commercial property to natural ventilation as opposed to air conditioning, a move towards energy-conscious architecture. Diagram. | ||
| 650 | _aBUILT ENVIRONMENT-BUILDING ELEMENTS-COMPLETE BUILDING SERVICES ELEMENTS-COMPLETE HEATING, VENTILATION AND AIR CONDITIONING SYSTEMS | ||
| 650 | _aARCHITECTURE | ||
| 650 | _aPROPERTY-COMMERCIAL PROPERTY | ||
| 650 | _aENERGY EFFICIENCY | ||
| 650 | _aNATURAL ENVIRONMENT | ||
| 650 | _aNATURAL LIGHTING | ||
| 650 | _aNATURAL VENTILATION | ||
| 650 | _aOFFICES | ||
| 690 | _aBUILT ENVIRONMENT-CONSTRUCTION DESIGN | ||
| 942 | _n0 | ||
| 948 | _c04/03/1997 | ||
| 999 |
_c29131 _d29131 |
||